Tekelci medyada örgütsüz gazeteci/ (Record no. 13729)

MARC details
000 -BAŞLIK
Sabit Uzunlukta Kontrol Alanı 00568nam a2200205 4500
999 ## - SİSTEM KONTROL NUMARALARI (KOHA)
Koha Biblionumber 13729
Koha Biblioitemnumber 13729
003 - KONTROL NUMARASI IDENTIFIER
Denetim Alanı MIRAKIL
005 - SON İŞLEM TARİHİ VE ZAMANI
Denetim Alanı 20200122141118.0
008 - SABİT-BOY VERİ ELEMANLARI - GENEL BİLGİLER
Sabit Uzunlukta Kontrol Alanı 200122b tu ||||| |||| 00| 0 tur d
020 ## - ULUSLARARASI STANDART KİTAP NUMARASI
Uluslararası Standart Kitap Numarası 9755334084
040 ## - KATALOGLAMA KAYNAK
Orijinal Kataloglama Ajansı TR-AnCHP
Metne Dönüştürmek Ajansı TR-AnCHP
041 ## - DİL KODU
Metin / Ses Parça Veya Ayrı Başlığın Dil Kodu tur
082 ## - DEWEY ONLU SINIFLANDIRMA NUMARASI
Sınıflandırma Numarası 070.4060561
Ürün Numarası Ö97t 2004
100 ## - ANA GİRİŞ - KİŞİSEL İSİM
Kişisel Ad Özsever, Atilla
245 10 - BAŞLIK TABLOSU
Başlık Tekelci medyada örgütsüz gazeteci/
Sorumluluk Tablosu, Vb Atilla Özsever.
260 ## - YAYIN, DAĞITIM, VB
Yayın, Dağıtım, Vb Yeri Ankara:
Yayıncı, Dağıtıcı, Vs Adı İmge Kitabevi,
Yayın, Dağıtım, Vb Tarihi 2004.
300 ## - FİZİKSEL TANIM
Kapsam 298 s.:
Boyutlar 19 sm.
504 ## - KAYNAKÇA VB NOT
Kaynakça Vb Notu Kaynakça vardır.
650 #0 - KONU KATMA GİRİŞ - TOPİKAL DÖNEM
9 (RLIN) 6064
Topikal Süreli Veya Coğrafi Ad Giriş Elemanı Gazetecilik
Genel Alt Bölümü Türkiye
942 ## - EKLENDİ GİRİŞ ELEMANLARI (KOHA)
Sınıflandırma Veya Raf Düzeni Kaynak Dewey Decimal Classification
Koha Öğesi Türü Books
Holdings
Kalıcı Konum Mevcut Konum Edinme Tarihi Toplam Check-Out'Lar Tam Çağrı Numarası Barkod Tarih Son Görülme İtibaren Geçerli Fiyatlar Koha Öğesi Türü
CHP Kütüphanesi CHP Kütüphanesi 01/22/2020   070.4060561 Ö97t 2004 013509 01/22/2020 01/22/2020 Books